[Event "Foxtrot Ladies-Veterans"]
[Site "London ENG"]
[Date "1996.08.15"]
[Round "1"]
[White "Portisch, Lajos"]
[Black "Arakhamia-Grant, Ketevan"]
[Result "1-0"]
[WhiteElo "2600"]
[BlackElo "2455"]
[EventDate "1996.08.15"]
[PlyCount "73"]

1.d4 Nf6 2.c4 g6 3.Nc3 Bg7 4.e4 d6 5.f3 O-O 6.Bg5 h6 7.Be3 c5 8.d5 e6 9.
Qd2 exd5 10.cxd5 h5 11.Nge2 Nbd7 12.Nf4 Ne5 13.Be2 a6 14.a4 b6 15.O-O Rb8 
16.Kh1 c4 17.Rab1 Nfd7 18.Nh3 Nc5 19.Nf2 Nb3 20.Qd1 b5 21.axb5 axb5 22.f4 
Nd7 23.Nxb5 Rxb5 24.Bxc4 Rb4 25.Bxb3 Ba6 26.Re1 Qb8 27.Bc2 Rxb2 28.e5 dxe5
29.f5 Rxb1 30.Bxb1 Qb4 31.fxg6 f5 32.d6 Bc4 33.Nd3 Qxd6 34.Qxh5 Rf6 35.Rc1
Ba6 36.Nc5 Kf8 37.Rd1 1-0

[Event "Foxtrot Ladies-Veterans"]
[Site "London ENG"]
[Date "1996.08.15"]
[Round "1"]
[White "Taimanov, Mark"]
[Black "Cramling, Pia"]
[Result "1/2-1/2"]
[WhiteElo "2470"]
[BlackElo "2545"]
[EventDate "1996.08.15"]
[PlyCount "100"]

1.Nf3 Nf6 2.b3 g6 3.Bb2 Bg7 4.g3 d6 5.d4 c5 6.Bg2 cxd4 7.Nxd4 d5 8.Nf3 O-O
9.O-O Nc6 10.c4 dxc4 11.bxc4 Qb6 12.Qb3 Na5 13.Qxb6 axb6 14.Nbd2 Be6 15.
Rac1 Rfc8 16.Ne5 Ng4 17.Nxg4 Bxb2 18.Rc2 Bd4 19.Ne3 Bxe3 20.fxe3 Nxc4 21.
Bxb7 Nxe3 22.Bxc8 Nxc2 23.Bxe6 fxe6 24.Rb1 Rxa2 25.Rxb6 Nd4 26.Nf3 e5 27.
Nxd4 exd4 28.Rb8+ Kf7 29.Rd8 e5 30.Kf2 Ke7 31.Rd5 Ke6 32.Rd8 Kf5 33.Rf8+ 
Ke4 34.Rf3 Kd5 35.Rf8 Rc2 36.Ke1 Ke4 37.h4 d3 38.exd3+ Kxd3 39.Rf3+ Kd4 
40.Rf7 Rg2 41.Rxh7 Ke3 42.Kf1 Rxg3 43.h5 g5 44.h6 Rh3 45.Kg2 g4 46.Re7 e4 
47.h7 Kd3 48.Kf2 Rf3+ 49.Kg2 Rh3 50.Kf2 Rf3+ 1/2-1/2

[Event "Foxtrot Ladies-Veterans"]
[Site "London ENG"]
[Date "1996.08.15"]
[Round "1"]
[White "Hort, Vlastimil"]
[Black "Ioseliani, Nana"]
[Result "1-0"]
[WhiteElo "2545"]
[BlackElo "2500"]
[EventDate "1996.08.15"]
[PlyCount "56"]

1.c4 e6 2.d4 d5 3.Nc3 c6 4.e4 dxe4 5.Nxe4 Bb4+ 6.Bd2 Bxd2+ 7.Qxd2 Nf6 8.
Nxf6+ Qxf6 9.Nf3 O-O 10.O-O-O c5 11.dxc5 Na6 12.Qe3 Qe7 13.Bd3 Nxc5 14.Bc2
f6 15.Rd5 Na6 16.Rh5 g6 17.Rh6 Rf7 18.Rd1 Bd7 19.Bxg6 hxg6 20.Nh4 Qc5 21.
Rxg6+ Kf8 22.Qg3 Ke7 23.Rg7 Qxc4+ 24.Kb1 Rf8 25.Ng6+ Kd8 26.Nxf8 Nb4 27.
Qb8+ Qc8 28.Qxc8+ 1-0

[Event "Foxtrot Ladies-Veterans"]
[Site "London ENG"]
[Date "1996.08.16"]
[Round "2"]
[White "Ioseliani, Nana"]
[Black "Spassky, Boris"]
[Result "1/2-1/2"]
[WhiteElo "2500"]
[BlackElo "2555"]
[EventDate "1996.08.15"]
[PlyCount "80"]

1.d4 Nf6 2.Nf3 b6 3.e3 Bb7 4.Bd3 e6 5.O-O c5 6.b3 Be7 7.Bb2 O-O 8.Qe2 cxd4
9.exd4 Nc6 10.a3 Re8 11.Nbd2 Rc8 12.c4 d5 13.Rad1 Bf8 14.Rfe1 g6 15.Ne5 
dxc4 16.Ndxc4 Ne7 17.Bc1 Ned5 18.Bd2 Ba8 19.Ng4 Nxg4 20.Qxg4 Bg7 21.Qg3 
Rc7 22.Bg5 Qd7 23.Nd6 Rf8 24.Bb5 Bc6 25.Bf1 f6 26.Bc1 Rd8 27.Nc4 Rcc8 28.
h4 Ne7 29.Ne3 b5 30.Bd3 Qd6 31.Qxd6 Rxd6 32.Bb2 f5 33.a4 bxa4 34.bxa4 Kf7 
35.Nc4 Rd5 36.Ne5+ Bxe5 37.Rxe5 Rxe5 38.dxe5 Bxa4 39.Ra1 Bc2 40.Bb5 
1/2-1/2

[Event "Foxtrot Ladies-Veterans"]
[Site "London ENG"]
[Date "1996.08.16"]
[Round "2"]
[White "Xie Jun"]
[Black "Hort, Vlastimil"]
[Result "1/2-1/2"]
[WhiteElo "2510"]
[BlackElo "2545"]
[EventDate "1996.08.15"]
[PlyCount "42"]

1.e4 Nf6 2.e5 Nd5 3.d4 d6 4.Nf3 dxe5 5.Nxe5 g6 6.Bc4 c6 7.Nc3 Bg7 8.Nxd5 
cxd5 9.Bb5+ Bd7 10.Bd3 Nc6 11.Nxd7 Qxd7 12.c3 O-O 13.O-O Rac8 14.Re1 Rfe8 
15.Be3 Na5 16.Qd2 Nc4 17.Bxc4 Rxc4 18.Bh6 Bf6 19.Bg5 Bg7 20.Bh6 Bf6 21.Bg5
Bg7 1/2-1/2

[Event "Foxtrot Ladies-Veterans"]
[Site "London ENG"]
[Date "1996.08.17"]
[Round "3"]
[White "Smyslov, Vassily"]
[Black "Arakhamia-Grant, Ketevan"]
[Result "1/2-1/2"]
[WhiteElo "2510"]
[BlackElo "2455"]
[EventDate "1996.08.15"]
[PlyCount "67"]

1.e4 c5 2.Nf3 e6 3.Qe2 Nc6 4.g3 d6 5.Bg2 g6 6.c3 Bg7 7.O-O Nge7 8.Na3 O-O 
9.Rb1 a6 10.Nc2 b5 11.d4 cxd4 12.cxd4 Bb7 13.Rd1 Re8 14.b3 Qa5 15.a3 Rac8 
16.Bb2 Qb6 17.b4 Nb8 18.Qd3 Nd7 19.Ne3 Qa7 20.d5 exd5 21.Bxg7 Kxg7 22.exd5
Nf6 23.Ng5 Qb6 24.h4 h6 25.Nh3 Nd7 26.Nf4 Ne5 27.Qb3 h5 28.Qb2 Ng8 29.Ne2 
Nf6 30.Nd4 Kg8 31.Qd2 Nc4 32.Nxc4 Rxc4 33.Bf1 Rc7 34.Re1 1/2-1/2

[Event "Foxtrot Ladies-Veterans"]
[Site "London ENG"]
[Date "1996.08.18"]
[Round "4"]
[White "Arakhamia-Grant, Ketevan"]
[Black "Hort, Vlastimil"]
[Result "1-0"]
[WhiteElo "2455"]
[BlackElo "2545"]
[EventDate "1996.08.15"]
[PlyCount "116"]

1.e4 c6 2.d4 d5 3.e5 Bf5 4.Nc3 e6 5.g4 Bg6 6.Nge2 Be7 7.Be3 Nd7 8.Qd2 h5 
9.Nf4 Nf8 10.Nxh5 Bxh5 11.gxh5 Rxh5 12.Ne2 Ng6 13.O-O-O Nh4 14.Ng3 Rh8 15.
c4 Nh6 16.cxd5 cxd5 17.Bb5+ Kf8 18.Kb1 N6f5 19.Rc1 g6 20.Bd3 Qd7 21.Nxf5 
Nxf5 22.Bxf5 exf5 23.Bh6+ Kg8 24.h4 Rc8 25.h5 Rc6 26.Rhg1 Qe6 27.hxg6 fxg6
28.Bg5 Kf7 29.Bxe7 Qxe7 30.Qa5 Qd7 31.Qxa7 Rhc8 32.Qa3 Rxc1+ 33.Rxc1 Rxc1+
34.Kxc1 Qb5 35.Kd2 g5 36.Qc3 Qf1 37.Qe3 Ke6 38.a3 Qg2 39.Qg3 Qe4 40.Qc3 f4
41.f3 Qb1 42.Qc8+ Kf7 43.Qxb7+ Kg6 44.e6 Qg1 45.Qxd5 Qe3+ 46.Kc2 Qe2+ 47.
Kb3 Qe3+ 48.Ka2 Kf6 49.Kb1 Qe1+ 50.Kc2 Qe2+ 51.Kc3 Qe3+ 52.Kb4 Qe1+ 53.Kb5
Qe2+ 54.Kc5 Qxb2 55.Qe5+ Kg6 56.e7 Qxa3+ 57.Kb6 Qb4+ 58.Kc7 1-0

[Event "Foxtrot Ladies-Veterans"]
[Site "London ENG"]
[Date "1996.08.20"]
[Round "5"]
[White "Taimanov, Mark"]
[Black "Xie Jun"]
[Result "1/2-1/2"]
[WhiteElo "2470"]
[BlackElo "2510"]
[EventDate "1996.08.15"]
[PlyCount "74"]

1.Nf3 Nf6 2.b3 g6 3.Bb2 Bg7 4.g3 d6 5.d4 c5 6.dxc5 Qa5+ 7.Qd2 Qxc5 8.Nc3 
O-O 9.Bg2 Nc6 10.O-O Qh5 11.Rad1 Bf5 12.Nh4 Be6 13.Bf3 Qa5 14.Na4 Qxd2 15.
Rxd2 Rac8 16.c4 Bh6 17.e3 Nd7 18.Ng2 b6 19.Nf4 Nde5 20.Be2 Bg4 21.Bxg4 
Nxg4 22.Nd5 Bg7 23.Bxg7 Kxg7 24.Rfd1 Rfe8 25.Kg2 Nb8 26.Nac3 Nf6 27.Nxf6 
Kxf6 28.f4 Kg7 29.Kf3 a6 30.Nd5 b5 31.cxb5 axb5 32.Nb4 Nc6 33.Nxc6 Rxc6 
34.Rd5 Rb8 35.R1d2 h5 36.h3 Rc5 37.Rxc5 dxc5 1/2-1/2

[Event "Foxtrot Ladies-Veterans"]
[Site "London ENG"]
[Date "1996.08.20"]
[Round "5"]
[White "Spassky, Boris"]
[Black "Arakhamia-Grant, Ketevan"]
[Result "1/2-1/2"]
[WhiteElo "2555"]
[BlackElo "2455"]
[EventDate "1996.08.15"]
[PlyCount "50"]

1.e4 c5 2.Nf3 e6 3.c3 d5 4.e5 d4 5.Bd3 Nc6 6.Na3 Nge7 7.O-O Ng6 8.Re1 Be7 
9.b3 O-O 10.Bb2 Nf4 11.Bf1 f6 12.cxd4 cxd4 13.exf6 Bxf6 14.Nc4 b5 15.Nce5 
Bb7 16.Nd3 Qd6 17.a3 Ne7 18.Rc1 Bd5 19.g3 Nfg6 20.Nc5 Rac8 21.b4 Nf5 22.
Bxb5 Be7 23.Nxd4 Nxd4 24.Bxd4 Bf3 25.Qb3 1/2-1/2

[Event "Foxtrot Ladies-Veterans"]
[Site "London ENG"]
[Date "1996.08.21"]
[Round "6"]
[White "Arakhamia-Grant, Ketevan"]
[Black "Portisch, Lajos"]
[Result "1/2-1/2"]
[WhiteElo "2455"]
[BlackElo "2600"]
[EventDate "1996.08.15"]
[PlyCount "125"]

1.e4 c5 2.Nf3 e6 3.d4 cxd4 4.Nxd4 a6 5.Bd3 Ne7 6.O-O Nbc6 7.Nb3 Ng6 8.f4 
Be7 9.Nc3 b5 10.Be3 Bb7 11.Qh5 Qc7 12.Rae1 Nb4 13.Bd4 O-O 14.f5 Nf4 15.Qg4
e5 16.Bxe5 Qxe5 17.Qxf4 Qxf4 18.Rxf4 Bd6 19.Rff1 Be5 20.a3 Nc6 21.Nd1 Rfe8
22.c3 Bc7 23.Ne3 Ne5 24.Bb1 Bb6 25.Kh1 Rac8 26.Nd4 Kf8 27.h3 f6 28.Re2 Nf7
29.Ng4 Re7 30.Rfe1 Rce8 31.Nf2 Bc7 32.g4 Nd6 33.Kg2 g6 34.Kf1 Kg7 35.Bd3 
Bb6 36.Bb1 a5 37.g5 gxf5 38.exf5 Rxe2 39.gxf6+ Kxf6 40.Rxe2 Rxe2 41.Ng4+ 
Kg5 42.Kxe2 Bxd4 43.cxd4 Nxf5 44.Bxf5 Kxf5 45.Ne5 Ke4 46.Nxd7 Kxd4 47.h4 
Bc8 48.Nf6 Bf5 49.Ne8 Bg6 50.Nd6 b4 51.Nb7 bxa3 52.bxa3 a4 53.Kd2 h6 54.
Kc1 Ke5 55.Nc5 Be8 56.Kd2 Kd5 57.Nb7 Bg6 58.Kc3 Ke5 59.Nc5 Be8 60.Kb4 Kf5 
61.Nxa4 Kg4 62.Nc5 Kxh4 63.a4 1/2-1/2

[Event "Foxtrot Ladies-Veterans"]
[Site "London ENG"]
[Date "1996.08.21"]
[Round "6"]
[White "Xie Jun"]
[Black "Smyslov, Vassily"]
[Result "0-1"]
[WhiteElo "2510"]
[BlackElo "2510"]
[EventDate "1996.08.15"]
[PlyCount "104"]

1.e4 e5 2.Nf3 Nc6 3.Bb5 g6 4.c3 a6 5.Ba4 d6 6.d4 Bd7 7.O-O Bg7 8.d5 Nce7 
9.Bxd7+ Qxd7 10.c4 Nf6 11.Nc3 O-O 12.Be3 b5 13.Nd2 Ng4 14.Bg5 f6 15.Bh4 b4
16.Na4 g5 17.Bg3 f5 18.exf5 Qxf5 19.Qe2 Ng6 20.c5 Nf4 21.Qe4 Rab8 22.Qxf5 
Rxf5 23.cxd6 cxd6 24.Ne4 Bf8 25.Bxf4 exf4 26.h3 Nf6 27.Nxf6+ Rxf6 28.Rac1 
Rf5 29.Rc6 Rxd5 30.Rxa6 Rd2 31.Nb6 Rxb2 32.Nd7 Rb7 33.Nxf8 Kxf8 34.Rd1 Re7
35.Ra5 h6 36.h4 Ree2 37.hxg5 Rxf2 38.gxh6 Rxg2+ 39.Kh1 Rh2+ 40.Kg1 Rbg2+ 
41.Kf1 f3 42.Rf5+ Ke7 43.Rxf3 Rxa2 44.Kg1 Rag2+ 45.Kf1 Rb2 46.Kg1 Rxh6 47.
Ra1 Rg6+ 48.Kh1 Rf6 49.Re3+ Kd7 50.Kg1 Rff2 51.Rg3 Rfd2 52.Rg7+ Kc6 0-1

[Event "Foxtrot Ladies-Veterans"]
[Site "London ENG"]
[Date "1996.08.21"]
[Round "6"]
[White "Cramling, Pia"]
[Black "Taimanov, Mark"]
[Result "1/2-1/2"]
[WhiteElo "2545"]
[BlackElo "2470"]
[EventDate "1996.08.15"]
[PlyCount "133"]

1.d4 Nf6 2.c4 e6 3.Nf3 Bb4+ 4.Nbd2 O-O 5.a3 Bxd2+ 6.Bxd2 d6 7.Bg5 Qe7 8.e3
e5 9.Be2 a5 10.Rc1 Re8 11.O-O h6 12.Bh4 exd4 13.Nxd4 Na6 14.Bf3 Qe5 15.Bg3
Qe7 16.Bh4 Qe5 17.Bg3 Qe7 18.Nb5 Ne4 19.Re1 Nxg3 20.hxg3 Rd8 21.Qc2 c6 22.
Nd4 Qf6 23.Rb1 Nc5 24.b4 axb4 25.axb4 Ne6 26.Nxe6 Bxe6 27.b5 Bf5 28.e4 Bd7
29.Red1 cxb5 30.cxb5 Be6 31.Qb2 Qe5 32.Qd4 Rac8 33.Rd2 Rc5 34.b6 g5 35.
Rbd1 Qxd4 36.Rxd4 g4 37.Be2 Rc6 38.e5 Rxb6 39.Bxg4 Bxg4 40.Rxg4+ Kf8 41.
Rgd4 Ke7 42.Kh2 Ke6 43.Rd5 Rc6 44.g4 Rc1 45.Rxd6+ Rxd6 46.Rxd6+ Kxe5 47.
Rxh6 Rc6 48.Rh5+ Kd4 49.Rf5 Rc7 50.Kg3 Kc4 51.Rf4+ Kb3 52.Rf5 Ka4 53.Rf4+ 
Ka5 54.Kh4 b5 55.Kh5 b4 56.Rf5+ Ka4 57.Rf6 Kb5 58.Rd6 b3 59.Rd8 Kc4 60.g5 
b2 61.Rb8 Kc3 62.f4 Rc4 63.Rxb2 Kxb2 64.f5 Rc2 65.g6 fxg6+ 66.fxg6 Rxg2 
67.Kh6 1/2-1/2

[Event "Foxtrot Ladies-Veterans"]
[Site "London ENG"]
[Date "1996.08.21"]
[Round "6"]
[White "Ioseliani, Nana"]
[Black "Hort, Vlastimil"]
[Result "0-1"]
[WhiteElo "2500"]
[BlackElo "2545"]
[EventDate "1996.08.15"]
[PlyCount "74"]

1.d4 Nf6 2.Nf3 b6 3.e3 Bb7 4.Bd3 g6 5.O-O Bg7 6.c4 O-O 7.Nc3 d6 8.Rb1 Nbd7
9.b4 a5 10.a3 Ne8 11.Bb2 e5 12.d5 f5 13.e4 Bc8 14.Nd2 Qh4 15.Qc2 f4 16.Be2
g5 17.h3 Ndf6 18.Nf3 Qh6 19.Nh2 Qg6 20.c5 axb4 21.axb4 bxc5 22.bxc5 h5 23.
f3 g4 24.hxg4 hxg4 25.fxg4 Nxg4 26.Nxg4 Bxg4 27.Bxg4 Qxg4 28.Qd3 Rf6 29.
Kf2 Rg6 30.Qh3 Nf6 31.Rh1 dxc5 32.Qf3 Qg5 33.Nb5 Ng4+ 34.Ke2 Ne3 35.Rh2 
Rb8 36.Ba3 Rgb6 37.Qh3 Qg4+ 0-1

[Event "Foxtrot Ladies-Veterans"]
[Site "London ENG"]
[Date "1996.08.22"]
[Round "7"]
[White "Smyslov, Vassily"]
[Black "Cramling, Pia"]
[Result "1-0"]
[WhiteElo "2510"]
[BlackElo "2545"]
[EventDate "1996.08.15"]
[PlyCount "205"]

1.Nf3 Nf6 2.g3 g6 3.b4 Bg7 4.Bb2 O-O 5.Bg2 d5 6.O-O c6 7.d3 a5 8.a3 axb4 
9.axb4 Rxa1 10.Bxa1 Na6 11.c3 Ne8 12.Nbd2 Bg4 13.h3 Bxf3 14.Nxf3 Nd6 15.
Re1 Qb6 16.e4 dxe4 17.dxe4 Rd8 18.Qe2 Nb5 19.e5 Nbc7 20.Rd1 Ne6 21.Rxd8+ 
Qxd8 22.Ne1 Qb8 23.Nd3 Qa7 24.Qa2 Qb6 25.Bb2 Qc7 26.c4 Qd8 27.Qa3 Nd4 28.
Kh2 Nc7 29.Qa7 Nde6 30.Qe3 Qa8 31.Nc5 Qa2 32.Qb3 Qb1 33.Bc3 Qf5 34.Qb2 
Nxc5 35.bxc5 Qc8 36.Ba5 Na6 37.Qd4 e6 38.Bb6 Bf8 39.f4 Be7 40.g4 Nb8 41.
Qa1 Na6 42.Qd4 g5 43.fxg5 Bxg5 44.Kg3 Be7 45.h4 h6 46.Be4 Qb8 47.Kh3 Bf8 
48.g5 hxg5 49.hxg5 Bg7 50.g6 Qe8 51.gxf7+ Qxf7 52.Qd8+ Qf8 53.Qh4 Qf1+ 54.
Kg4 Qd1+ 55.Kg5 Qg1+ 56.Kh5 Qd1+ 57.Kg6 Qd7 58.Qh2 Bh8 59.Kg5 Qg7+ 60.Bg6 
Qxe5+ 61.Qxe5 Bxe5 62.Be8 Kf8 63.Bd7 Ke7 64.Bc8 Nb4 65.Kg4 Na2 66.Kf3 Nc3 
67.Ke3 Na4 68.Kd3 Nb2+ 69.Ke4 Bh2 70.Kd4 Na4 71.Bxb7 Kd7 72.Kd3 Bg1 73.Kc2
Bxc5 74.Ba5 Bd6 75.Ba8 Bf4 76.Kb3 Nc5+ 77.Kc3 Be5+ 78.Kc2 Bf6 79.Bb6 Ne4 
80.Kd3 Ng5 81.c5 Nf7 82.Bb7 Bd8 83.Ba6 Bc7 84.Kd4 Bb8 85.Ba5 Ng5 86.Be2 
e5+ 87.Kc4 Ke7 88.Bd2 Ne6 89.Be3 e4 90.Bg4 Kf6 91.Bh3 Ke5 92.Bc1 Ba7 93.
Bb2+ Kf4 94.Bxe6 e3 95.Bd7 e2 96.Bc3 Ke3 97.Be1 Ke4 98.Bxc6+ Ke5 99.Bf3 
Kf4 100.Bxe2 Ke3 101.Bf1 Kf4 102.c6 Bb6 103.Kb5 1-0

[Event "Foxtrot Ladies-Veterans"]
[Site "London ENG"]
[Date "1996.08.22"]
[Round "7"]
[White "Taimanov, Mark"]
[Black "Arakhamia-Grant, Ketevan"]
[Result "0-1"]
[WhiteElo "2470"]
[BlackElo "2455"]
[EventDate "1996.08.15"]
[PlyCount "112"]

1.Nf3 Nf6 2.b3 g6 3.Bb2 Bg7 4.g3 O-O 5.Bg2 c5 6.c4 Nc6 7.O-O d6 8.d4 cxd4 
9.Nxd4 Bd7 10.Nc3 a6 11.Rc1 Qa5 12.e3 Rab8 13.a3 Rfc8 14.Qe2 Bg4 15.f3 Bd7
16.Rfd1 b5 17.b4 Qd8 18.cxb5 Nxd4 19.exd4 axb5 20.d5 Rc4 21.Qf2 Bh6 22.Rc2
Bf5 23.Re2 Bg7 24.Red2 Nd7 25.Qe3 Ne5 26.Ne2 Rc7 27.Bxe5 Bxe5 28.Nd4 Bxd4 
29.Rxd4 Rbc8 30.Re1 Rc3 31.Qf4 Rxa3 32.g4 Bd7 33.Rde4 e5 34.dxe6 Bxe6 35.
Rd4 d5 36.Rd2 Rac3 37.Bf1 Qb6+ 38.Kg2 Rc2 39.Rd1 R2c3 40.h4 Qb8 41.Qxb8 
Rxb8 42.Ra1 Kf8 43.Ra7 h6 44.Kf2 Rb3 45.Rd4 g5 46.hxg5 hxg5 47.Be2 Kg7 48.
Ra6 Rb2 49.Ra3 Rh8 50.Re3 Rh2+ 51.Ke1 Kf6 52.f4 gxf4 53.Rxf4+ Kg5 54.Rd4 
Rh1+ 55.Kf2 Rhb1 56.Rc3 Rxb4 0-1

[Event "Foxtrot Ladies-Veterans"]
[Site "London ENG"]
[Date "1996.08.22"]
[Round "7"]
[White "Hort, Vlastimil"]
[Black "Xie Jun"]
[Result "1/2-1/2"]
[WhiteElo "2545"]
[BlackElo "2510"]
[EventDate "1996.08.15"]
[PlyCount "50"]

1.d4 Nf6 2.c4 g6 3.Nc3 Bg7 4.e4 d6 5.Be2 O-O 6.Bg5 Na6 7.Bf3 c6 8.Nge2 e5 
9.Qd2 Qa5 10.d5 cxd5 11.Nxd5 Qxd2+ 12.Bxd2 Nxd5 13.cxd5 f5 14.O-O Bd7 15.
b4 Bb5 16.Rfe1 Rac8 17.Nc3 Bd3 18.a3 Rc7 19.Rac1 Rfc8 20.Be2 Bxe2 21.Nxe2 
Rc2 22.Ng3 R8c7 23.b5 Rxc1 24.Rxc1 Rxc1+ 25.Bxc1 Nc7 1/2-1/2

[Event "Foxtrot Ladies-Veterans"]
[Site "London ENG"]
[Date "1996.08.25"]
[Round "9"]
[White "Hort, Vlastimil"]
[Black "Arakhamia-Grant, Ketevan"]
[Result "1/2-1/2"]
[WhiteElo "2545"]
[BlackElo "2455"]
[EventDate "1996.08.15"]
[PlyCount "52"]

1.e4 c5 2.c3 d5 3.exd5 Qxd5 4.d4 Nf6 5.Nf3 e6 6.Na3 cxd4 7.Nb5 Na6 8.Qxd4 
Bc5 9.Qxd5 Nxd5 10.Bc4 Nb6 11.Be2 O-O 12.O-O Rd8 13.Bf4 Nd5 14.Rfd1 Bd7 
15.Bg3 Be8 16.Rd2 Be7 17.Nfd4 Nc5 18.Bf3 a6 19.Nc7 Nxc7 20.Bxc7 Rd7 21.Ba5
Rc8 22.Nb3 Nxb3 23.Rxd7 Bxd7 24.axb3 Bc6 25.Rd1 Kf8 26.Be2 1/2-1/2

[Event "Foxtrot Ladies-Veterans"]
[Site "London ENG"]
[Date "1996.08.26"]
[Round "10"]
[White "Ioseliani, Nana"]
[Black "Smyslov, Vassily"]
[Result "1/2-1/2"]
[WhiteElo "2500"]
[BlackElo "2510"]
[EventDate "1996.08.15"]
[PlyCount "22"]

1.d4 Nf6 2.c4 e6 3.Nf3 Bb4+ 4.Nbd2 c5 5.a3 Bxd2+ 6.Qxd2 cxd4 7.Nxd4 d5 8.
e3 O-O 9.Be2 dxc4 10.Bxc4 Bd7 11.O-O Nc6 1/2-1/2